LEADER 00794nam a2200217 i 4500 001 000000166770 003 CaOOAMICUS 005 20071119000000.0 008 071119s1957 it u000 u ita u 013 $a144139 040 $aSeMil$bita 100 1 $aLisi, Nicola <1893-1975>.$0(OLS)http://semarc/name/40026 245 10$aAspettare in pace /$cNicola Lisi. 260 $aFirenze :$bVallecchi,$ccopyr. 1957. 300 $a183 p., [6] c. di tav. ;$c22 cm. 500 $aIn occhietto : Dedica autografa dell'Autore. 850 $aSeMil 852 $aSeMil$W1$xVenegono$y1$m1A III 258$j246408$B117930$CSeMilBibl$Z2$F128764 $81 961 $aRecupero: Altro 996 $6245$aAspettare in pace$9(OLS)http://semarc/title/238398 996 $6260$aFirenze :$bVallecchi$9(OLS)http://semarc/publisher/29768 LEADER 01115nam a2200217 i 4500 001 000000223400 003 CaOOAMICUS 005 20131011000000.0 008 131011s2011 it u000 u ita u 013 $a202297 040 $aSeMil$bita 110 2 $aArcidiocesi di Milano : Ufficio per la pastorale missionaria.$0(OLS)http://semarc/name/114714 245 10$a[«Andate... Sono con voi tutti i giorni» (Mt 28,19.20) :$blinee per un progetto missionario diocesano /$cUfficio diocesano per la pastorale missionaria, Arcidiocesi di Milano]. 260 $aMilano :$b[s.n.],$c2011. 300 $a36 p. ;$c21 cm. 650 4$aMilano (Arcidiocesi) - Missioni.$0(OLS)http://semarc/subject/23100 650 4$aMilano (Arcidiocesi) - Progetto missionario.$0(OLS)http://semarc/subject/40904 850 $aSeMil 852 $aSeMil$W1$xVenegono$y1$m5D X 25/38$j173746$B173746$CSeMilBibl$Z2$F184037 $81 996 $6245$a[«Andate... Sono con voi tutti i giorni» (Mt 28,19.20) :$blinee per un progetto missionario diocesano$9(OLS)http://semarc/title/320374 996 $6260$aMilano :$b[s.n.]$9(OLS)http://semarc/publisher/29709